LEADER 00482nab a2200157 i 4500 001 000000267969 003 CaOOAMICUS 005 20190625123854.0 008 080111n xx uu u0 0und r 013 $a12832 040 $aSeMil$bita 245 10$aFascicolo 843. 500 $aNOVEMBRE-DICEMBRE 2007 (N. 843). 773 0 $t[2007 : fascicoli 838-843].$dMilano : Scuola Beato Angelico, copyr. 2007.$w()159983 996 $6245$aFascicolo 843$9(OLS)http://semarc/title/423974 LEADER 00894nam a2200229 i 4500 001 000000204331 003 CaOOAMICUS 005 20110725000000.0 008 110725s1968 it u000 u ita u 013 $a183051 040 $aSeMil$bita 100 1 $aRossi, Ernesto,$d<1897-1967>.$0(OLS)http://semarc/name/73679 245 13$aIl manganello e l'aspersorio /$cErnesto Rossi. 260 $aBari :$bLaterza,$cstampa 1968. 300 $a362 p. ;$c18 cm. 490 0 $aUniversale Laterza ;$v96 650 4$aChiesa cattolica e fascismo.$0(OLS)http://semarc/subject/38489 830 0$aUniversale Laterza ;$v96.$0(OLS)http://semarc/title/6923 850 $aSeMil 852 $aSeMil$W1$xVenegono$y1$m3U I 450$j154825$B154825$CSeMilBibl$Z2$F165663 $81 996 $6245$aIl manganello e l'aspersorio$9(OLS)http://semarc/title/296063 996 $6260$aBari :$bLaterza$9(OLS)http://semarc/publisher/29858